00399nam a2200145Ia 4500008004100000020001500041041001200056082001600068100001800084245008100102260002500183300000800208650002100216700001600237221030s9999 xx 000 0 und d a0074622358 aEnglish a105.23bMal aA. P. Malvino 0aDigital Computer Electronics ( DEPARTMENTAL )cby A. P. Malvino, J. A. Brown bTMHaNew Delhic2001 a522 aECE Departmental aJ. A. Brown